| 000 | 01820nam0a2200373 4500 | ||
|---|---|---|---|
| 001 | RU\NLR\bibl\1739119 | ||
| 005 | 20260406090412.0 | ||
| 010 |
_a978-5-9916-1236-4 _91500 |
||
| 021 |
_aRU _b2011-6495 _9451 |
||
| 035 | _a(NLR Aleph) 001730044 | ||
| 090 |
_a1393728 _c1393728 |
||
| 100 | _a20110224d2011 |||y0rusy50 ca | ||
| 101 | 0 | _arus | |
| 102 | _aRU | ||
| 105 | _ay ||||||||| | ||
| 200 | 1 |
_aРимское частное право _eучебник _eдля юридических высших учебных заведений _f[Перетерский И.С., Краснокутский В.А., проф., Флейшиц Е.А., проф. и др.] _gпод ред. профессоров И.Б. Новицкого, И.С. Перетерского |
|
| 210 |
_aМосква _cЮрайт _d2011 |
||
| 215 |
_a607 с. _d21 |
||
| 225 | 1 | _aМинистерство образования и науки РФ рекомендует | |
| 225 | 1 | _aУчебник | |
| 225 | 1 | _aОсновы наук | |
| 300 | _aАвт. указаны на обороте тит. л. | ||
| 606 | 1 |
_aРимское частное право _jУчебники для высших учебных заведений _92098447 _3RU\NLR\auth\661269422 |
|
| 686 | _aХ2(0)323-62я73 | ||
| 701 | 1 |
_4070 _8rus _7ca _aПеретерский _bИ. С. _f1889-1956 _gИван Сергеевич _3RU\NLR\auth\776556 _9116507 |
|
| 701 | 1 |
_4340 _4080 _7ca _8rus _aКраснокутский _bВ. А. _f1873- _gВасилий Александрович _3RU\NLR\AUTH\770280948 _92652915 |
|
| 701 | 1 |
_aФлейшиц _bЕ. А. _4070 |
|
| 702 | 1 |
_aНовицкий _bИ. Б. _f1880-1958 _gИван Борисович _4340 |
|
| 801 | 0 |
_aRU _bNLR _c20110224 _gRCR |
|
| 801 | 1 |
_aRU _bNLR _c20110224 |
|
| 942 | _cBOOK | ||
| 980 | _aNB | ||
| 980 | _aNBR | ||